Obálka Náhled e-knihy:
PDF
Pro půjčování e-knih musíte být přihlášeni.
Jak si půjčit online?

Značky /

Vďaka zvieratkám v tejto knižke zvládneš základné dopravné pravidlá ako nič! V tráve, vo vode, na lúke či pod zemou natrafíš na rôzne dopravné značky, no s pomocou dospelého sa bez problémov dovtípiš, čo znamenajú. Spoznaj základné dopravné pravidlá a najznámejšie dopravné značky formou hry. Odteraz...

Celý popis

Uloženo v:
Hlavní autor: Nejman, Martyna (Autor)
Médium: E-kniha
Jazyk:Czech
Vydáno: Praha : Albatros Media Slovakia s.r.o., 2025
Tagy:
Žádné tagy
LEADER 01279nam a22002297i 4500
001 303221
007 ta
008 260518s2025 xr ||||| |||| 00| 0 cze d
020 |a 9788056643648 
044 |a xr 
100 1 |a  Nejman, Martyna  |4 aut 
245 1 0 |a Značky /  |c  Nejman, Martyna 
240 1 0 |a Znaki 
264 1 |a Praha :  |b Albatros Media Slovakia s.r.o.,  |c 2025 
300 |a 1 online zdroj (12 stran) 
336 |a text  |b txt  |2 rdacontent 
337 |a bez média  |b n  |2 rdamedia 
338 |a online zdroj  |b cr  |2 rdacarrier 
520 2 |a Vďaka zvieratkám v tejto knižke zvládneš základné dopravné pravidlá ako nič! V tráve, vo vode, na lúke či pod zemou natrafíš na rôzne dopravné značky, no s pomocou dospelého sa bez problémov dovtípiš, čo znamenajú. Spoznaj základné dopravné pravidlá a najznámejšie dopravné značky formou hry. Odteraz budeš vedieť, čo na ceste robiť. 
910 |a RBIT002 
998 |d 426894  |a https://core.palmknihy.cz/api/books/426894/cover?tesghd  |b https://core.palmknihy.cz/api/books/426894/cover/400?tesghd  |c https://core.palmknihy.cz/api/books/426894/cover/50?tesghd  |e 2029-07-24  |g 12  |i 9788056643648  |k https://core.palmknihy.cz/api/books/426894/preview.pdf  |l   |q 49  |r 1  |s https://www.palmknihy.cz/kniha/426894  |t ebook  |y 2025  |z 1 
999 |d 303219